00577nam a22002057a 450000500170000001000130001702000220003003500130005203700160006504000120008108200130009310000200010624500470012626000360017327000360020930000210024550000190026665000370028565000490032220170124110105.0 aA-794447 c00.00a8125008241 aA-794447 bCen Lib/Ret aDPLbEN a921bDES aDeshmukh, C. D. aThe course of my life /cby C. D. Deshmukh aHyderabadbOrient Longmanc1995 bHyderabadaHimayatnagare500029 a367p. c21cm(Hb) aIncludes index aIndia -- Officials and employees aDeshmukh, Chintaman Dwarkanath, -- 1896-1982